[Event "Forni di Sopra op 13th"]
[Site "Forni di Sopra"]
[Date "2022.06.13"]
[Round "2"]
[White "Vezzani, Stefano"]
[Black "Higatsberger, Michael"]
[Result "0-1"]
[WhiteElo "2135"]
[BlackElo "2006"]
[PlyCount "55"]
[EventDate "2022.06.12"]
[EventType "swiss"]
[EventRounds "9"]
[EventCountry "ITA"]
[SourceTitle "EXT 2023"]
[Source "ChessBase"]
[SourceDate "2022.10.05"]
[SourceVersion "1"]
[SourceVersionDate "2022.10.05"]
[SourceQuality "1"]

1. e4 c5 2. b3 g6 3. Bb2 Nf6 4. e5 Nd5 5. Nc3 Nxc3 6. dxc3 Bg7 7. f4 0-0 8. Nf3 d6 9. Be2 dxe5 10. Nxe5 Nd7 11. Nc4 b5 12. Ne3 Rb8 13. 0-0 e6 14. Qe1 Bb7 15. Rd1 Bc6 16. Qg3 Qc7 17. Ba1 Nf6 18. Bf3 Rfd8 19. c4 Bxf3 20. Qxf3 b4 21. Be5 Qa5 22. Bxb8 Rxb8 23. Qc6 Ne8 24. Ng4 Bd4+ 25. Kh1 Qa4 26. a3 Qxa3 27. Qd7 Qa2 28. Nf6+ 0-1

[Event "Arco op 43rd"]
[Site "Arco"]
[Date "2021.10.13"]
[Round "5"]
[White "Hopfgartner, Heinz Roland"]
[Black "Vezzani, Stefano"]
[Result "1/2-1/2"]
[WhiteElo "2010"]
[BlackElo "2135"]
[PlyCount "26"]
[EventDate "2021.10.09"]
[EventType "swiss"]
[EventRounds "9"]
[EventCountry "ITA"]
[SourceTitle "CBM 204 Extra"]
[Source "ChessBase"]
[SourceDate "2021.11.30"]
[SourceVersion "1"]
[SourceVersionDate "2021.11.30"]
[SourceQuality "1"]

1. c4 d6 2. g3 g6 3. Bg2 Bg7 4. Nc3 e5 5. d3 Nc6 6. e4 Nge7 7. Nge2 Rb8 8. 0-0 0-0 9. Be3 Nd4 10. Qd2 Bh3 11. Bxd4 Bxg2 12. Kxg2 exd4 13. Nd5 Nc8 1/2-1/2

[Event "Arco op 43rd"]
[Site "Arco"]
[Date "2021.10.12"]
[Round "4"]
[White "Vezzani, Stefano"]
[Black "Sirosh, Ilja"]
[Result "0-1"]
[WhiteElo "2135"]
[BlackElo "2400"]
[PlyCount "130"]
[EventDate "2021.10.09"]
[EventType "swiss"]
[EventRounds "9"]
[EventCountry "ITA"]
[SourceTitle "CBM 204 Extra"]
[Source "ChessBase"]
[SourceDate "2021.11.30"]
[SourceVersion "1"]
[SourceVersionDate "2021.11.30"]
[SourceQuality "1"]

1. Nf3 d5 2. e3 Nf6 3. b3 Bf5 4. Bb2 e6 5. d3 Nbd7 6. Nbd2 h6 7. g3 Bh7 8. Bg2 Be7 9. 0-0 0-0 10. Qe2 a5 11. a4 c6 12. e4 Qb6 13. Kh1 Qa6 14. Ne5 Nxe5 15. Bxe5 Rfe8 16. Bb2 Rac8 17. Rfe1 Nd7 18. f4 b5 19. g4 b4 20. Qf2 Qb6 21. Qxb6 Nxb6 22. Re2 Bd6 23. e5 Bf8 24. Bd4 c5 25. Bf2 f5 26. exf6 gxf6 27. Rae1 Kf7 28. Bh3 Bd6 29. f5 e5 30. Bg2 h5 31. h3 hxg4 32. hxg4 Rh8 33. Kg1 Rcg8 34. Nf1 Rxg4 35. Ne3 Rg5 36. Bh4 Rh5 37. Nxd5 Nxd5 38. Bxd5+ Ke7 39. Rxe5+ Bxe5 40. Rxe5+ Kd6 41. Bxf6 Rf8 42. Bf3 Rxf5 43. Rxf5 Bxf5 44. Bh4 Bxd3 45. Bg3+ Ke6 46. Bg4+ Bf5 47. Bd1 Rd8 48. Be2 Rd2 49. Bc4+ Kd7 50. Bb5+ Kc8 51. Ba6+ Kd8 52. Bc4 Rxc2 53. Bd6 Kd7 54. Bxc5 Be6 55. Bxe6+ Kxe6 56. Bb6 Rb2 57. Bxa5 Rxb3 58. Kf2 Kd5 59. Ke2 Kc4 60. Bc7 Ra3 61. Kd2 Rxa4 62. Kc2 Ra2+ 63. Kb1 Kb3 64. Be5 Re2 65. Bf4 Re1+ 0-1

[Event "Arco op 41st"]
[Site "Arco"]
[Date "2019.10.08"]
[Round "5"]
[White "Oppici, Gabriele"]
[Black "Vezzani, Stefano"]
[Result "1/2-1/2"]
[WhiteElo "1942"]
[BlackElo "2149"]
[PlyCount "55"]
[EventDate "2019.10.04"]
[EventType "swiss"]
[EventRounds "9"]
[EventCountry "ITA"]
[SourceTitle "EXT 2020"]
[Source "ChessBase"]
[SourceDate "2019.10.17"]
[SourceVersion "1"]
[SourceVersionDate "2019.10.17"]
[SourceQuality "1"]

1. d4 e6 2. Nf3 b6 3. e4 Bb7 4. Nc3 d6 5. Bd3 Nd7 6. 0-0 g6 7. a4 a6 8. Ne1 Bg7 9. Be3 c5 10. Ne2 c4 11. Bxc4 Bxe4 12. Nc3 Bb7 13. Bf4 Ndf6 14. Nf3 Ne7 15. Re1 0-0 16. Qe2 Ned5 17. Bd2 Qd7 18. Nxd5 Nxd5 19. Bd3 Rfe8 20. c4 Nf6 21. a5 e5 22. Bc2 exd4 23. Qd1 Rxe1+ 24. Bxe1 b5 25. cxb5 Qxb5 26. Nxd4 Qd5 27. Nf3 Rb8 28. Bc3 1/2-1/2

[Event "Arco op 40th"]
[Site "Arco"]
[Date "2018.10.17"]
[Round "5"]
[White "Vezzani, Stefano"]
[Black "Knitl, Anton"]
[Result "1/2-1/2"]
[WhiteElo "2119"]
[BlackElo "2191"]
[PlyCount "31"]
[EventDate "2018.10.13"]
[EventType "swiss"]
[EventRounds "9"]
[EventCountry "ITA"]
[SourceTitle "CBM 186 Extra"]
[Source "ChessBase"]
[SourceDate "2018.08.24"]
[SourceVersion "1"]
[SourceVersionDate "2018.08.24"]
[SourceQuality "1"]

1. e4 c5 2. Nc3 Nc6 3. g3 g6 4. Bg2 Bg7 5. Nge2 d6 6. d3 Rb8 7. a3 e6 8. Rb1 Nge7 9. 0-0 0-0 10. b4 b6 11. f4 Bb7 12. Bd2 Qd7 13. g4 f5 14. gxf5 exf5 15. Ng3 Nd4 16. Nd5 1/2-1/2

[Event "Trieste op 20th"]
[Site "Trieste"]
[Date "2018.09.01"]
[Round "1"]
[White "Vezzani, Stefano"]
[Black "Praznik, Niko"]
[Result "1/2-1/2"]
[WhiteElo "2109"]
[BlackElo "2404"]
[PlyCount "79"]
[EventDate "2018.09.01"]
[EventType "swiss"]
[EventRounds "9"]
[EventCountry "ITA"]
[SourceTitle "CBM 186 Extra"]
[Source "ChessBase"]
[SourceDate "2018.08.24"]
[SourceVersion "1"]
[SourceVersionDate "2018.08.24"]
[SourceQuality "1"]

1. Nf3 d5 2. e3 Nf6 3. b3 e6 4. Bb2 Be7 5. d4 0-0 6. Nbd2 c5 7. Bd3 Nc6 8. a3 b6 9. 0-0 a5 10. Ne5 Nxe5 11. dxe5 Nd7 12. f4 Ba6 13. Bxa6 Rxa6 14. a4 f5 15. c4 Nb8 16. Qe2 Ra7 17. Rad1 Rd7 18. Nb1 d4 19. Rd2 g5 20. g3 gxf4 21. exf4 Qe8 22. Qf3 Kh8 23. Rg2 Rg8 24. Kf2 Bf8 25. Ke2 Rdg7 26. Rfg1 Nc6 27. Nd2 Nb4 28. Kd1 Rg4 29. h3 R4g7 30. Ba3 Nc6 31. Kc1 Ne7 32. Kb1 Qg6 33. Bc1 h5 34. Kb2 Qe8 35. Qe2 Nc6 36. Nf3 Be7 37. Bd2 Rh7 38. Be1 Rg6 39. h4 Rg8 40. Rh2 1/2-1/2

[Event "Villorba Vergani Cup 2nd"]
[Site "Villorba"]
[Date "2018.01.02"]
[Round "1"]
[White "Blohberger, Felix"]
[Black "Vezzani, Stefano"]
[Result "1/2-1/2"]
[WhiteElo "2367"]
[BlackElo "2111"]
[PlyCount "214"]
[EventDate "2018.01.02"]
[EventType "swiss"]
[EventRounds "9"]
[EventCountry "ITA"]
[SourceTitle "CBM 182 Extra"]
[Source "ChessBase"]
[SourceDate "2018.02.23"]
[SourceVersion "1"]
[SourceVersionDate "2018.02.23"]
[SourceQuality "1"]

1. c4 e5 2. Nc3 d6 3. e3 g6 4. d4 Nd7 5. Nf3 Bg7 6. Be2 Ngf6 7. 0-0 0-0 8. Qc2 Re8 9. Rd1 exd4 10. exd4 Nf8 11. h3 Bf5 12. Bd3 Bxd3 13. Qxd3 Ne6 14. Ng5 Nxg5 15. Bxg5 h6 16. Bh4 Qd7 17. Qf3 g5 18. Bg3 c6 19. Bh2 a6 20. a4 Rad8 21. b4 d5 22. Be5 Ne4 23. b5 Nxc3 24. Qxc3 Bxe5 25. dxe5 d4 26. bxc6 bxc6 27. Qa5 d3 28. Qc5 Re6 29. Ra3 Qd4 30. Qb4 Qxe5 31. Raxd3 Rxd3 32. Rxd3 Qe1+ 33. Qxe1 Rxe1+ 34. Kh2 Re5 35. Rd6 Rc5 36. Rxh6 Rxc4 37. Rf6 Rc5 38. Kg3 Kg7 39. Rd6 f6 40. Rd4 Rc3+ 41. f3 Rc2 42. Rd7+ Kg6 43. Ra7 f5 44. Rxa6 f4+ 45. Kh2 Kf5 46. Ra8 Ra2 47. Ra5+ Kg6 48. h4 gxh4 49. Rc5 Rxa4 50. Rxc6+ Kg5 51. Rc5+ Kg6 52. Kh3 Ra2 53. Rc6+ Kg5 54. Rc8 Kf5 55. Rf8+ Kg5 56. Rg8+ Kf5 57. Kxh4 Ke5 58. Re8+ Kf5 59. Rf8+ Ke5 60. Kh3 Rb2 61. Ra8 Kf5 62. Ra5+ Kf6 63. Rc5 Ra2 64. Rb5 Kg6 65. Rb6+ Kg5 66. Rb5+ Kg6 67. Rb1 Kf5 68. Kh2 Kg5 69. Re1 Rb2 70. Re5+ Kf6 71. Re4 Kf5 72. Kg1 Rb1+ 73. Kf2 Rb2+ 74. Kg1 Rb1+ 75. Kh2 Rb2 76. Re8 Rb1 77. Rf8+ Kg5 78. Rc8 Rb2 79. Rg8+ Kf5 80. Rd8 Ra2 81. Rd5+ Kg6 82. Kg1 Ra1+ 83. Kf2 Ra2+ 84. Kf1 Ra1+ 85. Ke2 Ra2+ 86. Rd2 Ra3 87. Rc2 Kg5 88. Rc8 Kf5 89. Rc5+ Kg6 90. Kd2 Ra1 91. Kd3 Rg1 92. Rc2 Kf5 93. Ra2 Rd1+ 94. Rd2 Re1 95. Kd4 Kg5 96. Kd3 Re3+ 97. Kd4 Re1 98. Rc2 Rd1+ 99. Ke5 Re1+ 100. Kd6 Re3 101. Rc8 Kf6 102. Kd5 Re2 103. Rf8+ Kg5 104. Kd4 Re1 105. Kd5 Re2 106. Kd4 Re1 107. Ra8 Re2 1/2-1/2

[Event "Arco op-A 39th"]
[Site "Arco"]
[Date "2017.10.11"]
[Round "5"]
[White "De Santis, Alessio"]
[Black "Vezzani, Stefano"]
[Result "1-0"]
[WhiteElo "2162"]
[BlackElo "2121"]
[PlyCount "63"]
[EventDate "2017.10.07"]
[EventType "swiss"]
[EventRounds "9"]
[EventCountry "ITA"]
[SourceTitle "CBM 181 Extra"]
[Source "ChessBase"]
[SourceDate "2017.12.12"]
[SourceVersion "1"]
[SourceVersionDate "2017.12.12"]
[SourceQuality "1"]

1. b3 d6 2. Bb2 Nd7 3. e3 Ngf6 4. d4 g6 5. Nf3 Bg7 6. c4 c6 7. Be2 a6 8. a4 a5 9. Nc3 0-0 10. 0-0 Qc7 11. Rc1 Rd8 12. Qc2 e5 13. Rfd1 exd4 14. exd4 Nf8 15. d5 Bf5 16. Qd2 Ng4 17. Nd4 Bh6 18. f4 Qe7 19. Nxf5 gxf5 20. Bxg4 fxg4 21. Re1 Qh4 22. g3 Qh3 23. Ne4 f5 24. Nf6+ Kf7 25. dxc6 bxc6 26. Qd3 Kg6 27. Ng8 Ra7 28. Ne7+ Rxe7 29. Rxe7 Bxf4 30. Rf1 Bg5 31. Qxf5+ Kh5 32. Rxh7+ 1-0

[Event "Arco op 38th"]
[Site "Arco"]
[Date "2016.10.13"]
[Round "6"]
[White "Ager, Josef"]
[Black "Vezzani, Stefano"]
[Result "1/2-1/2"]
[WhiteElo "2144"]
[BlackElo "2076"]
[PlyCount "50"]
[EventDate "2016.10.08"]
[EventType "swiss"]
[EventRounds "9"]
[EventCountry "ITA"]
[SourceTitle "EXT 2017"]
[Source "ChessBase"]
[SourceDate "2016.10.25"]
[SourceVersion "1"]
[SourceVersionDate "2016.10.25"]
[SourceQuality "1"]

1. Nf3 g6 2. d4 Bg7 3. c3 Nf6 4. Bg5 d6 5. Nbd2 h6 6. Bh4 0-0 7. e3 b6 8. Qc2 Bb7 9. h3 c5 10. Be2 Nbd7 11. Bg3 Rc8 12. 0-0 Rc7 13. a4 a6 14. Qb3 Qa8 15. Rfe1 Ne4 16. Nxe4 Bxe4 17. Bf1 cxd4 18. exd4 Bd5 19. Qd1 Nf6 20. Nd2 Ne4 21. Nxe4 Bxe4 22. f3 Bd5 23. Bd3 Qb7 24. Qe2 Ra8 25. Bf2 Qc8 1/2-1/2

[Event "Trieste op 18th"]
[Site "Trieste"]
[Date "2016.09.03"]
[Round "1"]
[White "Vezzani, Stefano"]
[Black "Cruz Lledo, Pablo"]
[Result "0-1"]
[WhiteElo "2090"]
[BlackElo "2413"]
[PlyCount "88"]
[EventDate "2016.09.03"]
[EventType "swiss"]
[EventRounds "9"]
[EventCountry "ITA"]
[SourceTitle "CBM 174 Extra"]
[Source "ChessBase"]
[SourceDate "2016.10.10"]
[SourceVersion "1"]
[SourceVersionDate "2016.10.10"]
[SourceQuality "1"]

1. e4 c6 2. d4 d5 3. e5 Bf5 4. h4 h5 5. c4 e6 6. Nc3 Nd7 7. cxd5 cxd5 8. Bd3 Bxd3 9. Qxd3 Ne7 10. Nf3 Nc6 11. Bg5 Qb6 12. 0-0 Be7 13. Bxe7 Nxe7 14. Qb5 a6 15. Qxb6 Nxb6 16. Rfc1 Nf5 17. b3 Kd7 18. a4 a5 19. Nb5 Rhc8 20. Kf1 Rc6 21. Ke2 Nc8 22. Kd3 Nce7 23. Rc3 Rxc3+ 24. Kxc3 Nc6 25. Rc1 f6 26. Kd2 Rc8 27. g3 fxe5 28. Nxe5+ Nxe5 29. dxe5 Rxc1 30. Kxc1 Nh6 31. Nd4 Ng4 32. f4 Ne3 33. Ne2 Nf5 34. Kd2 Kc6 35. Kd3 Kc5 36. Nc3 Kb4 37. Nb5 Kxb3 38. Nc7 Kxa4 39. Nxe6 Kb5 40. Nd4+ Nxd4 41. Kxd4 Kc6 42. f5 a4 43. f6 gxf6 44. exf6 Kd6 0-1

[Event "Ortisei Server24 op 3rd"]
[Site "Ortisei"]
[Date "2016.06.04"]
[Round "1"]
[White "Gaehwiler, Gabriel"]
[Black "Vezzani, Stefano"]
[Result "1-0"]
[WhiteElo "2363"]
[BlackElo "2121"]
[PlyCount "129"]
[EventDate "2016.06.04"]
[EventType "swiss"]
[EventRounds "9"]
[EventCountry "ITA"]
[SourceTitle "CBM 172 Extra"]
[Source "ChessBase"]
[SourceDate "2016.06.21"]
[SourceVersion "1"]
[SourceVersionDate "2016.06.21"]
[SourceQuality "1"]

1. Nf3 g6 2. g3 Bg7 3. d4 d6 4. Bg2 Nf6 5. 0-0 0-0 6. c4 c6 7. b3 Qa5 8. Qd2 Qh5 9. Qg5 Qxg5 10. Nxg5 Na6 11. Bb2 Rb8 12. Nd2 c5 13. d5 h6 14. Ngf3 Ne8 15. Bxg7 Nxg7 16. e4 e5 17. dxe6 Bxe6 18. Nb1 Nb4 19. Nc3 a6 20. Rfd1 Rfd8 21. Rd2 Kf8 22. Rad1 Ke7 23. Re1 Kf8 24. h3 Ne8 25. Nh2 b5 26. cxb5 axb5 27. Bf1 Nc7 28. Red1 Ke7 29. Nf3 Nc6 30. Nd5+ Bxd5 31. exd5 Na7 32. Rc1 b4 33. Bc4 Kf6 34. Ne1 Ra8 35. Nc2 Nab5 36. Ne3 Ra7 37. Re1 Nd4 38. Kg2 h5 39. g4 Rda8 40. Ra1 Ncb5 41. Bxb5 Nxb5 42. Nc4 hxg4 43. hxg4 Re8 44. Rh1 Rea8 45. Rh7 Rxa2 46. Rd3 Rf8 47. Re3 Rc2 48. Nb6 Rd8 49. Rf3+ Kg5 50. Rfxf7 Kxg4 51. Nc4 Re8 52. Rh3 Kg5 53. Rg3+ Kh6 54. Rh3+ Kg5 55. Ne3 Rxe3 56. Rxe3 Nd4 57. Rg3+ Kh6 58. Rh3+ Kg5 59. Rg3+ Kh6 60. Rf6 Nf5 61. Rgxg6+ Kh7 62. Rg5 Nd4 63. Rf4 Kh6 64. Rg3 Rc3 65. Rh4# 1-0

[Event "Trieste op 15th"]
[Site "Trieste"]
[Date "2013.09.04"]
[Round "6"]
[White "Vezzani, Stefano"]
[Black "Pregarac, Valter"]
[Result "1/2-1/2"]
[WhiteElo "2162"]
[BlackElo "2135"]
[PlyCount "49"]
[EventDate "2013.08.31"]
[EventType "swiss"]
[EventRounds "9"]
[EventCountry "ITA"]
[SourceTitle "CBM 156 Extra"]
[Source "ChessBase"]
[SourceDate "2013.10.22"]
[SourceVersion "1"]
[SourceVersionDate "2013.10.22"]
[SourceQuality "1"]

1. e4 e5 2. Nf3 Nc6 3. Nc3 Nf6 4. g3 d5 5. exd5 Nxd5 6. Bg2 Nxc3 7. bxc3 Bd6 8. 0-0 0-0 9. d3 Bg4 10. h3 Be6 11. Ng5 Bf5 12. Rb1 Rb8 13. Be3 Qd7 14. Kh2 f6 15. Ne4 b6 16. Nxd6 cxd6 17. c4 Be6 18. f4 Rbc8 19. Rb5 Ne7 20. a4 d5 21. fxe5 fxe5 22. Rxf8+ Rxf8 23. Bg5 dxc4 24. Bxe7 Qxe7 25. Rxe5 1/2-1/2

[Event "Trieste op 15th"]
[Site "Trieste"]
[Date "2013.09.01"]
[Round "2"]
[White "Vezzani, Stefano"]
[Black "Al Zayat, Ahmed"]
[Result "1-0"]
[WhiteElo "2162"]
[BlackElo "2109"]
[PlyCount "105"]
[EventDate "2013.08.31"]
[EventType "swiss"]
[EventRounds "9"]
[EventCountry "ITA"]
[SourceTitle "CBM 156 Extra"]
[Source "ChessBase"]
[SourceDate "2013.10.22"]
[SourceVersion "1"]
[SourceVersionDate "2013.10.22"]
[SourceQuality "1"]

1. Nf3 Nf6 2. g3 d6 3. Bg2 e5 4. d3 c6 5. 0-0 Be7 6. a4 a5 7. Na3 Na6 8. e4 0-0 9. Re1 Nc5 10. b3 Ne8 11. Bb2 Bg4 12. h3 Bxf3 13. Qxf3 Ne6 14. Nc4 g6 15. Ne3 Bf6 16. h4 Bg7 17. Bh3 N8c7 18. Ba3 f5 19. exf5 Nd4 20. Qd1 Nxf5 21. Nxf5 gxf5 22. Qh5 Qf6 23. Rad1 Rad8 24. Bb2 f4 25. g4 Rde8 26. g5 Qg6 27. Qxg6 hxg6 28. Bc3 b6 29. Bd7 c5 30. Bxe8 Rxe8 31. Kh2 Kf7 32. Kh3 Rh8 33. Kg4 Nd5 34. Ba1 Ne7 35. Rh1 Rh5 36. Rde1 Nf5 37. c3 d5 38. b4 cxb4 39. cxb4 d4 40. bxa5 bxa5 41. Rb1 Nd6 42. Rb6 Ke6 43. Bb2 Rh8 44. Ba3 Bf8 45. Rc1 Kd7 46. Bxd6 Bxd6 47. Rcc6 Bc7 48. Ra6 Rb8 49. Rxg6 Rb3 50. Rg7+ Kd8 51. Ra8+ Bb8 52. Rg8+ Kc7 53. Rgxb8 1-0

[Event "FICGS rapid A 000135 email"]
[Site "FICGS email"]
[Date "2013.01.09"]
[Round "1"]
[White "Salonen, Jukka"]
[Black "Vezzani, Stefano"]
[Result "1-0"]
[WhiteElo "1936"]
[BlackElo "2073"]
[PlyCount "115"]
[EventDate "2013.??.??"]
[EventType "tourn (rapid)"]
[EventRounds "6"]
[SourceTitle "Corr 2022"]
[Source "ChessBase"]
[SourceDate "2021.10.24"]
[SourceVersion "1"]
[SourceVersionDate "2021.10.24"]
[SourceQuality "1"]

1. e4 g6 2. d4 Bg7 3. Nf3 c5 4. d5 Nf6 5. Nc3 d6 6. Be2 0-0 7. 0-0 e6 8. Bf4 exd5 9. exd5 Bg4 10. h3 Bxf3 11. Bxf3 Na6 12. Nb5 Ne8 13. c3 Nac7 14. Na3 b5 15. Nc2 a5 16. Qd3 Rb8 17. Rfe1 Na8 18. Re2 b4 19. Rc1 Nec7 20. Ne3 Qf6 21. Bg3 Nb5 22. Ree1 Rfe8 23. Ng4 Rxe1+ 24. Rxe1 Qd8 25. Rc1 f5 26. Ne3 Nac7 27. Bf4 Be5 28. Bxe5 dxe5 29. Be2 bxc3 30. bxc3 Nd6 31. Rb1 e4 32. Rxb8 Qxb8 33. Qc2 Nce8 34. g3 Nf6 35. c4 Qb4 36. Qc1 Nd7 37. g4 Qb7 38. Ng2 Nf8 39. Qa3 Qb1+ 40. Bf1 Nxc4 41. Qc3 Nb6 42. Qxc5 Nbd7 43. Qc3 fxg4 44. hxg4 Qb4 45. Qc7 Qb2 46. Qc4 Nb6 47. Qxe4 Qxa2 48. Ne3 Qa3 49. g5 Qb4 50. Qe8 Qf4 51. Bh3 Qxg5+ 52. Kf1 Qf6 53. Be6+ Kh8 54. d6 h5 55. d7 Nbxd7 56. Bxd7 Kg7 57. Bc6 Ne6 58. Qd7+ 1-0

[Event "FICGS rapid A 000135 email"]
[Site "FICGS email"]
[Date "2013.01.09"]
[Round "1"]
[White "Skinner, Peter"]
[Black "Vezzani, Stefano"]
[Result "1-0"]
[WhiteElo "2043"]
[BlackElo "2073"]
[PlyCount "59"]
[EventDate "2013.??.??"]
[EventType "tourn (rapid)"]
[EventRounds "6"]
[SourceTitle "Corr 2022"]
[Source "ChessBase"]
[SourceDate "2021.10.24"]
[SourceVersion "1"]
[SourceVersionDate "2021.10.24"]
[SourceQuality "1"]

1. d4 g6 2. c4 Bg7 3. e4 c5 4. Nf3 cxd4 5. Nxd4 Nc6 6. Be3 Nf6 7. Nc3 0-0 8. Be2 d6 9. 0-0 Bd7 10. Qd2 Nxd4 11. Bxd4 Bc6 12. f3 a5 13. Rac1 a4 14. Rfd1 Nd7 15. Be3 Qa5 16. Nd5 Bxd5 17. Qxa5 Rxa5 18. cxd5 Nc5 19. Rc2 b5 20. Bxc5 Rc8 21. Bb4 Rxc2 22. Bd3 Bd4+ 23. Kh1 Rxb2 24. Bxa5 Rxa2 25. g3 Bg7 26. f4 Rb2 27. Rb1 Rxb1+ 28. Bxb1 Bd4 29. Bd3 a3 30. Bb1 1-0